Europa Półwyspy - Statystyki

Ogólne statystyki
  • Ten quiz został rozwiązany 88 razy
  • Średni wynik to 5 z 10
Statystyki odpowiedzi
Obrazkowy Odpowiedź % Poprawnych
Skandynawski
78%
Iberyjski
76%
Apeniński
70%
Krym
67%
Jutlandzki
54%
Kolski
52%
Bretoński
46%
Peloponez
32%
Kanin
17%
Bałkński
3%
Nie znaleziono quizów pasujących do podanych kryteriów
Rozkład punktacji
Procent ludzi z każdym wynikiem
Percentyl według liczby udzielonych odpowiedzi
Twoja historia wyników
Nie rozwiązałeś tego quizu